Catálogo
 En Linea

El hombre inadaptado : (Registro nro. 35709)

Detalles MARC
000 -CABECERA
campo de control de longitud fija 00800nam a2200205 a 4500
001 - NÚMERO DE CONTROL
campo de control 000036218
005 - FECHA Y HORA DE LA ÚLTIMA TRANSACCIÓN
campo de control 20200930074951.0
008 - DATOS DE LONGITUD FIJA--INFORMACIÓN GENERAL
campo de control de longitud fija 120111s1956 mx 000 0 spa d
040 ## - FUENTE DE LA CATALOGACIÓN
Centro catalogador/agencia de origen DO-SdBNP
Lengua de catalogación spa
Centro/agencia transcriptor BNPHU
082 ## - NÚMERO DE LA CLASIFICACIÓN DECIMAL DEWEY
Número de clasificación xxx
Número de documento/Ítem V665
100 1# - ENTRADA PRINCIPAL--NOMBRE DE PERSONA
Nombre de persona Viereck, Peter
9 (RLIN) 62279
245 13 - MENCIÓN DE TÍTULO
Título El hombre inadaptado :
Resto del título Un nuevo héroe para los norteamericanos /
Mención de responsabilidad, etc. Peter Viereck ; tradución Manuel Ortuño.
260 ## - PUBLICACIÓN, DISTRIBUCIÓN, ETC.
Lugar de publicación, distribución, etc. Argentina :
-- México, :
Nombre del editor, distribuidor, etc. Pax ;
-- Libreria Carlos Cesarman,
Fecha de publicación, distribución, etc. 1956.
300 ## - DESCRIPCIÓN FÍSICA
Extensión 428 p. ;
Dimensiones 19 cm.
490 1# - MENCIÓN DE SERIE
Mención de serie Hombre y civilización
500 ## - NOTA GENERAL
Nota general Reflexiones en torno a la distinción entre conformismo y conservadurismo.
534 ## - NOTA SOBRE LA VERSIÓN ORIGINAL
Frase introductoria Título original:
Mención de título del original The unadjusted man
Mención de edición del original The beacon Press, 1956
700 1# - PUNTO DE ACCESO ADICIONAL--NOMBRE DE PERSONA
Nombre de persona Ortuño, Manuel,
Título de la obra tr.
9 (RLIN) 62280
830 #0 - PUNTO DE ACCESO ADICIONAL DE SERIE-TÍTULO UNIFORME
Título uniforme Hombre y civilización
9 (RLIN) 62281
Existencias
Estado de retiro Estado de pérdida Restricciones de uso No para préstamo Código de colección Localización permanente Ubicación/localización actual Ubicación en estantería Fecha de adquisición Número de inventario Total de préstamos Signatura topográfica completa Código de barras Fecha visto por última vez Precio válido a partir de Tipo de ítem Koha
      Excluido de préstamo Monografías: Libros y Folletos General General En catalogación 11.01.2012 LF1   xxx V665 36218-10 25.06.2020 25.06.2020 No se presta

Con tecnología Koha